[Event "Montebelluna op-B 5th"]
[Site "Montebelluna"]
[Date "2007.03.10"]
[Round "2"]
[White "Valbusa, Lorenzo"]
[Black "Serradura, Giovani Battista"]
[Result "1-0"]
[WhiteElo "1461"]
[BlackElo "1440"]
[PlyCount "93"]
[EventDate "2007.03.09"]
[EventType "swiss"]
[EventRounds "5"]
[EventCountry "ITA"]
[SourceTitle "EXT 2008"]
[Source "ChessBase"]
[SourceDate "2007.11.25"]
[SourceVersion "1"]
[SourceVersionDate "2007.11.25"]
[SourceQuality "1"]

1. e4 e5 2. Nf3 Nc6 3. d4 exd4 4. Nxd4 Nxd4 5. Qxd4 c5 6. Qd1 Nf6 7. Nc3 Be7 8. Bc4 a6 9. 0-0 0-0 10. Re1 d6 11. Nd5 Nxd5 12. Bxd5 Rb8 13. Bf4 Be6 14. Re3 Bh4 15. g3 Be7 16. Rd3 c4 17. Rd2 Qb6 18. Rb1 Qc5 19. Bxe6 fxe6 20. Be3 Qe5 21. Qg4 Qf6 22. h4 Rbd8 23. Bg5 Qg6 24. Qh3 Bxg5 25. hxg5 Qxe4 26. Rbd1 d5 27. Qg2 Qf5 28. f4 b5 29. Re2 Qg4 30. Rde1 Rde8 31. Kh2 Qh5+ 32. Qh3 Qg6 33. Rxe6 Rxe6 34. Qxe6+ Qxe6 35. Rxe6 a5 36. Rd6 Rf5 37. Kg2 g6 38. Kf3 Kf7 39. g4 Ke7 40. Ra6 Rf8 41. Rxa5 Rb8 42. Ra7+ Ke6 43. Rxh7 d4 44. Ke4 d3 45. cxd3 Rd8 46. dxc4 bxc4 47. Rc7 1-0